Score 0/26 Timer 03:00
2 Plays Today
Start of Song Title Last Word of Song Title (A-Z) % Correct
Can You Feel the Love ______Tonight
94.1%
I Dreamed a ______Dream
94%
Let's Go Fly a ______ Kite
92.2%
The Music of the ______ Night
90.9%
Dancing ______Queen
90.3%
All That ______Jazz
88.2%
Defying ______Gravity
85.4%
The Best Things in Life are ______Free
84.7%
Seasons of ______Love
79.6%
Oh, What a Beautiful ______ Mornin'
79.4%
Buenos ______Aires
75.4%
The Rain in ______Spain
70.6%
One Hand, One _______Heart
69.9%
Start of Song Title Last Word of Song Title (A-Z) % Correct
Some Enchanted ______Evening
67.1%
Everything's Coming Up ______Roses
66.1%
Send in the ______Clowns
63.3%
My Funny ______Valentine
58.4%
A Bushel and a _____Peck
58.4%
Consider ______Yourself
55%
I Hope I Get ______It
54.2%
(one word song)Xanadu
49.6%
One Night ______Only
48.8%
Lullaby of ______Broadway
42.2%
The Last Night of the ______World
41.3%
What's New at the ______Zoo
38.5%
Alone in the ______Universe
25.8%

Today's Daily Dose

Remove Ads.
Support Sporcle.
Get the best of Sporcle when you Go Orange. This ad-free experience offers more features, more stats, and more fun while also helping to support Sporcle. Thank you for becoming a member.

You're not logged in!

Compare scores with friends on all Sporcle quizzes.
OR
Log In

Show Comments

Extras

Top Quizzes Today


Score Distribution

Your Account Isn't Verified!

In order to create a playlist on Sporcle, you need to verify the email address you used during registration. Go to your Sporcle Settings to finish the process.

Report this User

Report this user for behavior that violates our Community Guidelines.

Details: